[Event "Olympiad-42"]
[Site "Baku"]
[Date "2016.09.09"]
[Round "7.1"]
[White "Solak, Dragan"]
[Black "Carlsen, Magnus"]
[Result "0-1"]
[WhiteElo "2635"]
[BlackElo "2857"]
[Annotator "Pavlovic,M"]
[PlyCount "78"]
[EventDate "2016.09.02"]
[EventType "team-swiss"]
[EventRounds "11"]
[EventCountry "AZE"]
[SourceTitle "CBM 175"]
[Source "ChessBase"]
[SourceDate "2016.11.10"]
[SourceVersion "1"]
[SourceVersionDate "2016.11.10"]
[SourceQuality "1"]
[WhiteTeam "Turkey"]
[BlackTeam "Norway"]
[WhiteTeamCountry "TUR"]
[BlackTeamCountry "NOR"]

1. e4 d6 2. d4 g6 3. Nc3 Bg7 4. Nf3 a6 {The Pirc is very popular among players
who are playing only to win even with Black. This particular setup that the
World Chamion is using gives Black additional ways of handling this position.
Playing in a flexible way Black is hoping to get some good versions of usual
Pirc positions.} 5. Be2 Nf6 6. O-O O-O 7. Re1 {White has opted for a classical
setup.} Nc6 $5 {Another interesting provocative move.} (7... b5 8. e5 $1 Nfd7
9. a4 b4 10. Nd5 Nc6 11. Bg5 h6 12. Bh4 g5 13. Bg3 e6 14. Ne3 dxe5 15. d5 Nd4
16. dxe6 fxe6 17. Nd2 Bb7 18. Bc4 Nb6 19. Ba2 Nd5 20. Ndc4 $44 {1-0 (125)
Malakhov,V (2694)-Morozevich,A (2711) Moscow (blitz) 2015}) 8. d5 {Another
recent game saw:} (8. h3 e5 9. Be3 exd4 10. Nxd4 Bd7 11. Bf1 Re8 12. Nxc6 Bxc6
13. Bd4 b5 14. a3 Bb7 15. f3 c5 16. Bf2 Qc7 17. Qd2 Rad8 18. Rad1 h6 19. Bg3
Qb6 20. Kh1 d5 21. exd5 Rxe1 22. Qxe1 Nxd5 23. Nxd5 Rxd5 $11 {1-0 (59) Wang
Hao (2717)-Mamedov,R (2650) Huai'an (blitz) 2016}) 8... Na7 $5 {As far as I
know Nepomniachtchi was, or still is, Carlsen's second, so I am not surprised
to see Carlsen using such an unusual retreat.} 9. h3 b5 $5 (9... c6 10. Bf1 Nb5
11. Na4 Nd7 12. c4 Nc7 13. Nc3 Nc5 14. Nd4 cxd5 15. exd5 e5 16. dxe6 N5xe6 17.
Be3 d5 18. Nxe6 Bxe6 19. Bb6 Qd6 20. Bxc7 Qxc7 21. Nxd5 Qc5 22. Qd2 Rad8 23.
Rad1 Rd7 24. b4 Qc6 25. Rxe6 Qxe6 26. Nf6+ Bxf6 27. Qxd7 {½-½ (65) Malakhov,
V (2694)-Nepomniachtchi,I (2705) Moscow (blitz) 2015. White is better.}) 10.
Bf1 Bb7 11. a4 {I am not very fond of this move, because the knight on a2
doesn't look as good as its counterpart on a7; obviously the knight on a7 has
many more potential manoeuvres available to it.} (11. Bf4 c6 12. dxc6 Nxc6 13.
a4 b4 14. Nd5 Nd7 {Black is fine again, this is reminiscent of Sicilian Dragon
positions.}) 11... b4 12. Na2 a5 13. c4 (13. c3 c5 14. Nd2 Nc8 15. Nc4 Nb6 {
Black is fine.}) 13... e6 {Somehow already I don't see any particular problems
for Black.} 14. Bg5 h6 15. Be3 Re8 16. Bd3 exd5 17. exd5 c6 18. dxc6 Nxc6 {
Now we see that the knight from a7 is back while the knight on a2 is out of
play.} 19. Nc1 Nd7 20. Qc2 Qf6 21. Rb1 Nce5 22. Nxe5 Nxe5 23. Be2 d5 $17 24.
cxd5 Bxd5 {Black is controlling all aspects of the game.} 25. Nb3 Rac8 26. Nc5
{White has had a problem all through the game with the knight on a2. Finally
it has come out but only to be lost on the c5-square.} Bf8 27. Rbc1 Bxc5 28.
Bxc5 Qg5 29. g3 Nd7 30. h4 Qd8 31. Bb5 Rxe1+ 32. Rxe1 Rxc5 $19 33. Qd2 h5 34.
Qd4 Qf6 35. Qe3 Bc6 36. Qe8+ Nf8 37. Qc8 Rc2 38. Bxc6 Qxf2+ 39. Kh1 Qxe1# 0-1

[Event "Olympiad-42"]
[Site "Baku"]
[Date "2016.09.10"]
[Round "8.1"]
[White "Carlsen, Magnus"]
[Black "Cordova, Emilio"]
[Result "1-0"]
[WhiteElo "2857"]
[BlackElo "2638"]
[Annotator "Roiz,M"]
[PlyCount "81"]
[EventDate "2016.09.02"]
[EventType "team-swiss"]
[EventRounds "11"]
[EventCountry "AZE"]
[SourceTitle "CBM 175"]
[Source "ChessBase"]
[SourceDate "2016.11.10"]
[SourceVersion "1"]
[SourceVersionDate "2016.11.10"]
[SourceQuality "1"]
[WhiteTeam "Norway"]
[BlackTeam "Peru"]
[WhiteTeamCountry "NOR"]
[BlackTeamCountry "PER"]

1. d4 Nf6 2. c4 e6 3. Nf3 b6 4. g3 Bb7 5. Bg2 Be7 6. O-O O-O 7. Nc3 Ne4 8. Bd2
Bf6 9. Rc1 c5 {The most common. Provoking the d4-d5 advance would make the Bf6
more powerful, but it would also lock in the other bishop for a while.} ({
In the following important encounter White was able to get some advantage
after:} 9... Nxd2 10. Qxd2 d6 11. d5 e5 12. e4 Nd7 13. h4 a5 14. Bh3 Nc5 15.
Kg2 Bc8 16. Bxc8 Qxc8 17. Qe2 Be7 18. Nd2 $14 {Tomashevsky,E (2731)-Ponomariov,
R (2709) Baku AZE 2016}) 10. d5 exd5 11. cxd5 Nxd2 12. Nxd2 d6 13. Nde4 Be7 {
This retreat looks somewhat passive, but Black wants to keep both bishops on
the board.} ({The more ambitious} 13... Be5 $5 {looks perfectly playable too:}
14. f4 (14. e3 Ba6 15. Re1 g6 16. f4 Bg7 17. g4 b5 $132 {Marin,M (2549)
-Brunello,S (2468) Edinburgh 2007}) 14... Bd4+ 15. Kh1 Ba6 16. Qd2 Qe7 17. g4
Nd7 18. Rfe1 g6 19. g5 Bg7 $132 {Gelfand,B (2703)-Almasi,Z (2644) Monte Carlo
2002}) 14. f4 f5 {This move is very committal - the e6-spot is permanently
exposed now.} ({There was also the interesting} 14... Nd7 $5 15. g4 a6 16. a4
Nf6 $1 (16... Re8 $6 17. g5 Bf8 18. Kh1 $14 {Karpov,A (2725)-Salov,V (2660)
Linares 1993}) 17. Nf2 b5 $132) 15. Nf2 Ba6 $146 {This innovation hardly can
be considered successful.} ({The previously played} 15... Na6 {looks more
natural and offers Black adequate counterplay:} 16. Re1 Nc7 17. e4 (17. a3 $6
Bf6 18. Qd2 Qd7 $15 {Malakhatko,V (2546)-Lutz,B (2292) Basel 2011}) 17... fxe4
18. Nfxe4 Bc8 $132) 16. a4 {This natural restricting move yields Black an
important tempo for consolidating.} ({A more energetic approach would be} 16.
Re1 $1 b5 17. Qc2 Nd7 18. e4 b4 19. Ncd1 fxe4 20. Bxe4 Nf6 21. Bf5 $36 {
and Black would suffer from the vulnerablity of his light squares.}) 16... Bf6
17. Re1 Nd7 18. e3 ({For some reasons, Magnus deviates from the tempting} 18.
e4 $5 Bd4 19. exf5 Rxf5 20. Bh3 Rf8 21. Nce4 Nf6 22. Ng5 $14) 18... Rb8 ({After
} 18... g6 19. e4 Bd4 20. exf5 gxf5 21. Qc2 $14 {the weakness of the e6-spot
starts to tell.}) 19. Qc2 (19. Bh3 $5) 19... g6 20. Nb5 ({Now Black is better
prepared to meet} 20. e4 Bd4 21. Kh1 (21. exf5 g5 $1 $132) 21... Bxf2 22. Qxf2
fxe4 23. Nxe4 Ne5 $132) 20... Bxb5 21. axb5 Bg7 $1 {An excellent prophylactic
move - now the Pf5 is over-protected.} (21... Re8 22. Ra1 Qc7 23. e4 fxe4 24.
Nxe4 Bd4+ 25. Kh1 Nf6 26. Ng5 $36) 22. Bh3 ({The immediate} 22. e4 Bd4 23. exf5
{also can be met with the same approach as in the game:} g5 $1 (23... Rxf5 24.
Bh3 Rf8 25. Kh1 $14) 24. Re4 gxf4 25. Rxf4 Qe8 26. Kh1 Nf6 $132 {with
double-edged play.}) ({However,} 22. Ra1 $5 {deserved serious attention:} Rb7
23. e4 {Now, when Black's rook is tied down to protecting the Pa7, this
advance becomes more effective.} Bd4 24. Kh1 Bxf2 25. Qxf2 fxe4 26. Rxe4 Nf6
27. Ree1 $14) 22... Kh8 23. e4 g5 $1 {GM Cordova manages to make use of having
the dark-squared bishop - now neither king is safe.} 24. fxg5 ({Black's
tactical idea was based on the following line:} 24. Bxf5 gxf4 25. gxf4 Qh4 $1
26. Bxd7 Bd4 27. Bf5 Rxf5 28. exf5 Bxf2+ 29. Qxf2 Rg8+ 30. Kf1 Qh3+ 31. Ke2 Rg2
$11) 24... f4 ({Another possibility was} 24... Ne5 25. Qe2 fxe4 26. Nxe4 Nf3+
27. Kg2 Nxg5 $1 ({The ''greedy''} 27... Nxe1+ $6 28. Rxe1 Qe7 29. Be6 $14 {
leads to a passive position.}) 28. Nxg5 Qxg5 $11) 25. Bf5 fxg3 26. Nh3 {
White was able to keep the Pg5, so the position remains quite sharp.} gxh2+ 27.
Kh1 {As often happens, the Ph2 only makes White's monarch safer!} ({Correctly
refuting} 27. Qxh2 $6 Be5 28. Qg2 Rg8 29. Kh1 Nf8 $15 {and White's king is in
a real danger.}) 27... Be5 28. Qe2 Rf7 (28... Qe7 29. Qg4 Rf7 30. g6 Rg7 31.
Ng5 Nf6 32. Qh4 $13) 29. Rc2 Rg7 (29... Nf8 30. Qh5 Rg7 31. Rf1 Qe8 32. Qh6 $13
) 30. Rf1 {Both sides have time for mobilising their forces now.} Qe8 31. Qd3
Nf8 32. Rg2 Ng6 33. Bxg6 Qxg6 {Keeping the pawn on h7 looks safest for a human
eye.} ({However, there was nothing wrong with} 33... hxg6 {either:} 34. Nf2 Qe7
35. Ng4 Qxg5 36. Rf3 Qc1+ 37. Rf1 Qg5 $11) 34. Nf4 Bxf4 35. Rxf4 Qh5 ({Black
would also obtain sufficient counterplay after} 35... Rf7 36. Rxf7 Qxf7 37. e5
Qf4 38. e6 Rf8 $11) 36. Qc3 Kg8 {This move isn't that bad,} ({but} 36... Qd1+
37. Kxh2 Qh5+ 38. Kg1 Qd1+ {was a more convincing way of securing a draw:} 39.
Rf1 Qd4+ 40. Qxd4 cxd4 41. Rd1 Rf8 42. Rxd4 Rf4 43. Rc4 Re7 $11) 37. Qf6 Rf7 $2
{Letting White pin the Rf7 is a bad decision.} ({The correct move was} 37...
Qg6 38. Kxh2 Qxf6 39. Rxf6 Re8 40. Rg4 h5 41. Rgf4 Rxg5 42. Rxd6 Rge5 $11) 38.
Qe6 ({Another winning way is less obvious:} 38. Qh6 Qd1+ 39. Kxh2 Rxf4 40. g6
$18) 38... Rbf8 39. Rgf2 $2 {Such mistakes in the winning positions are
untypical for Magnus!} ({The correct} 39. Rf5 {would have put Black in a
hopeless situation:} Qd1+ 40. Kxh2 Qh5+ 41. Kg3 Qg6 42. Rgf2 Qxe6 43. dxe6 Rxf5
44. exf5 $18) 39... c4 $2 {GM Cordova doesn't stand the pressure till the end
and loses on the spot.} ({At the same time, after} 39... Kg7 40. Qh6+ (40. Qxd6
Rxf4 41. Rxf4 Qd1+ 42. Kxh2 Qd2+ 43. Kg3 Qe3+ $11) 40... Qxh6 41. gxh6+ Kg6 42.
Rxf7 Rxf7 43. Rxf7 Kxf7 44. Kxh2 Kf6 45. Kg3 Kg5 46. b3 Kxh6 47. e5 Kg7 48. e6
Kf6 {the resulting endgame seems drawish. For instance,} 49. Kg4 Kg6 50. Kf3 h5
51. Kf2 Kf6 52. Kg3 Kg7 53. Kh3 Kf6 $11) 40. g6 $1 Qd1+ (40... Qxg6 41. Rg2 $18
) 41. Rf1 1-0

[Event "Olympiad-42"]
[Site "Baku"]
[Date "2016.09.11"]
[Round "9.1"]
[White "Caruana, Fabiano"]
[Black "Carlsen, Magnus"]
[Result "1/2-1/2"]
[WhiteElo "2808"]
[BlackElo "2857"]
[Annotator "Mekhitarian,K"]
[PlyCount "56"]
[EventDate "2016.09.02"]
[EventType "team-swiss"]
[EventRounds "11"]
[EventCountry "AZE"]
[SourceTitle "CBM 175"]
[Source "ChessBase"]
[SourceDate "2016.11.10"]
[SourceVersion "1"]
[SourceVersionDate "2016.11.10"]
[SourceQuality "1"]
[WhiteTeam "US of America"]
[BlackTeam "Norway"]
[WhiteTeamCountry "USA"]
[BlackTeamCountry "NOR"]

1. e4 d5 {The world champion tries the Scandinavian for the 3rd time,
according to the database, and all of them against the same opponent!} 2. exd5
Qxd5 3. Nc3 Qd6 {This is Sergey Tiviakov's pet line - he has played it 164
times, according to my research!} (3... Qd8 {This happened in the 2014 olympiad
} 4. d4 Nf6 5. Nf3 Bg4 6. h3 Bxf3 7. Qxf3 c6 8. Ne2 e6 9. g4 Qd5 10. Bg2 Nbd7
11. Qg3 Qc4 12. Qb3 Qxb3 13. axb3 Bd6 14. c4 $14 {0-1 (50) Caruana,F (2801)
-Carlsen,M (2877) Tromso 2014. White has a more comfortable endgame, but the
pawn structure is unbalanced, and Black ended up winning.}) (3... Qa5 {The old
and main move was tried in a blitz game between them in 2015, ending in a draw:
} 4. Nf3 Nf6 5. d4 c6 6. Bc4 Bg4 7. h3 Bxf3 8. Qxf3 e6 9. Bd2 Qc7 10. O-O-O
Nbd7 11. Ne4 Nxe4 12. Qxe4 Bd6 13. Kb1 $14 {1/2-1/2 (63) Caruana,F (2805)
-Carlsen,M (2876) Stavanger 2015; and once again, White has a small advantage.}
) 4. d4 Nf6 5. Nf3 c6 6. Ne5 Nbd7 7. Nc4 (7. f4 Nb6 8. g4 $5 {is one of the
most energetic ways to fight this variation, and there is no better person to
play this than Shirov} Nbd5 (8... g6 9. Bg2 Bg7 10. O-O O-O $13 {should be
safer}) 9. Bg2 g6 10. g5 Nxc3 11. bxc3 Nd5 $6 (11... Nd7 $5 {following with ...
h6 and ...Nxe5 at the right moment}) 12. c4 Nc7 13. c5 Qd8 14. d5 $1 {a very
instructive pawn sacrifice for the initiative} cxd5 $2 (14... Bg7 $5 {was the
lesser evil} 15. dxc6 Qxd1+ 16. Kxd1 b5 17. cxb6 axb6 $132 {following with ...
h6 and ...Be6, Black is fighting}) 15. c4 $1 {now the position is bad already}
e6 16. Bb2 Bg7 17. Nc6 bxc6 18. Bxg7 Rg8 19. Be5 $18 {1-0 (26) Shirov,A (2749)
-Tiviakov,S (2637) Hoogeveen 2010; leaving Black already in a hopeless
position.}) 7... Qc7 8. a4 $5 {A rare line, aiming to harass Black's knight on
b6 (a standard idea).} Nd5 $5 (8... Nb6 9. Ne5 g6 10. a5 Nbd7 11. Nd3 $5 $14) (
8... g6 $5) 9. Bd3 g6 10. Qf3 N7f6 11. Nxd5 Nxd5 (11... cxd5 $2 12. Bf4 Qd8 13.
Ne5 {threatening Bb5+} a6 14. O-O Bg7 15. c3 O-O 16. Rfe1 $16 {and Black has
some development issues.}) 12. O-O Bg7 13. c3 O-O 14. Qg3 {According to
Caruana himself, he missed Black's next move, that solves all of his problems 
(15...Rd8!).} (14. Re1 $5 {White has a good space advantage, and can always
count on exploiting it with an idea like Bg5 or h4-h5. Now if Black tries a
standard development with ...Be6, White may sacrifice the exchange to achieve
interesting play:} Be6 {intending c5} (14... Rd8 $6 15. h4 $1 c5 (15... h5 $2
16. Ne5 {with problems to defend f7 properly} Be6 (16... e6 17. Bg5 Rf8 18. Qe4
$16 {followed by Rad1 and c4}) 17. Qg3 $1 $16 {threatening Nxg6 or Bxg6}) 16.
dxc5 Qxc5 17. h5 $40 {it is not easy for Black to find a move here, Ne5 is a
strong threat}) 15. Rxe6 $5 {not forced, but playable} fxe6 16. Qe2 Nf4 (16...
Qd7 17. h4 $5 $40) 17. Bxf4 Qxf4 18. Qxe6+ Kh8 19. Qe2 $44 {with interesting
positional compensation.}) 14... Qxg3 15. hxg3 Rd8 $5 {Threatening ...c5,
Black finds a way to activate.} 16. Be2 (16. Re1 c5 17. dxc5 Nxc3 $1 $132 {
looking bad for White already.}) 16... Be6 17. a5 c5 $5 (17... Rac8 {would be
a calm way to play the position} 18. a6 b6 $11) (17... b5 $5 18. axb6 axb6 19.
Rxa8 Rxa8 {should be equal, but Black is starting to look very comfortable and
could even create something on the queenside with ...b5, ...Ra2.}) 18. dxc5
Bxc3 {Suddenly there's action!} 19. a6 (19. bxc3 Nxc3 {and Black gets the
piece back, equalising:} 20. Bf3 Bxc4 21. Re1 Nd5 22. Bxd5 Bxd5 23. Rxe7 Re8
24. Rxe8+ Rxe8 25. Be3 $11) 19... bxa6 20. Na5 (20. bxc3 {is no good once again
} Nxc3 21. Bf3 Bxc4 22. Bxa8 Bxf1 23. Bb7 Bb5 {despite the dangerous c-pawn,
Black is doing ok:} 24. Kh2 Rd1 25. Bb2 Rxa1 26. Bxa1 Na4 27. c6 Nb6 $15 {
followed by ...a5, Black is already thinking about getting an advantage.})
20... Bxa5 21. Rxa5 Nb4 22. Bf4 (22. Be3 Nd5 23. Bg5 Rab8 $11 {wouldn't change
the story of the game.}) 22... Nc6 23. Ra3 (23. Rxa6 Nd4 24. Bd3 Nb3 25. Be2
Nxc5 $11) 23... a5 24. Bb5 Nd4 25. Ba6 Bc8 26. Bc4 Be6 27. Ba6 Bc8 28. Bc4 Be6
(28... Be6 29. Bxe6 {would lead to simple equality after:} Nxe6 30. Rxa5 Nxf4
31. gxf4 Rdb8 32. Rfa1 Rxb2 33. Rxa7 Rxa7 34. Rxa7 Kf8 $11) 1/2-1/2

[Event "Olympiad-42"]
[Site "Baku"]
[Date "2016.09.12"]
[Round "10.1"]
[White "Carlsen, Magnus"]
[Black "Ghaem Maghami, Ehsan"]
[Result "1-0"]
[WhiteElo "2857"]
[BlackElo "2566"]
[Annotator "Mekhitarian,K"]
[PlyCount "57"]
[EventDate "2016.09.02"]
[EventType "team-swiss"]
[EventRounds "11"]
[EventCountry "AZE"]
[SourceTitle "CBM 175"]
[Source "ChessBase"]
[SourceDate "2016.11.10"]
[SourceVersion "1"]
[SourceVersionDate "2016.11.10"]
[SourceQuality "1"]
[WhiteTeam "Norway"]
[BlackTeam "Iran"]
[WhiteTeamCountry "NOR"]
[BlackTeamCountry "IRI"]

1. d4 d5 2. Nf3 Nf6 3. Bf4 {The old and good London System, quite common these
days.} e6 4. e3 Bd6 5. Bg3 c5 6. c3 Nc6 7. Nbd2 Bxg3 $6 {Honestly it is hard
to understand why Black would play this move over the simple 7...O-O:} (7...
O-O 8. Bd3 b6 {with many recent games in this position. More ambitious moves
like Qe2, e4, Ne5 and the standard O-O have been played, generally with
satisfactory results for White. For example:} 9. Qe2 Bb7 10. Rd1 Re8 $1 (10...
Qe7 11. e4 dxe4 12. Nxe4 Nxe4 13. Bxe4 cxd4 14. Bxd6 Qxd6 15. Nxd4 $14 {
1-0 (30) Artemiev,V (2663)-Savchenko,B (2613) Sochi 2016; with a comfortable
advantage.}) 11. e4 Be7 $1 {the typical reaction against e5. Black is ready to
play ...Nh5 if White goes for e5:} 12. e5 Nh5 13. a3 g6 14. Nf1 f5 $1 15. exf6
Bxf6 16. Ne3 e5 $1 {Wesley So is a player who shows tremendous energy in every
game; I can guess it feels like you are playing against a computer} 17. dxe5
Nxe5 18. Nxe5 Nxg3 19. hxg3 Rxe5 {with the bishop pair and the initiative,
Black's position is already preferable} 20. Bc4 b5 $5 21. Bxb5 Qb6 22. O-O Kg7
$1 $44 {0-1 (34) Sedlak,N (2537)-So,W (2782) Baku 2016; threatening ...d4 and
preparing strong pressure on the e-file, as soon as the bishop leaves b5.}) 8.
hxg3 Qd6 9. Bb5 {White guarantees access to e5.} Bd7 10. Bxc6 Bxc6 11. Ne5 Qc7
(11... Nd7 {doesn't change the evaluation of the weird 7...Bxg3:} 12. f4 $6 {
I didn't like this approach} (12. Ndf3 $5 Nxe5 (12... f6 $2 13. Ng6 Rg8 14.
Rxh7 O-O-O 15. Qc2 $16 {0-1 (41) Umetsubo,C (2374)-Matsuura,E (2486) Blumenau
2015. White is a pawn up, but the knight on g6 is somewhat awkward.}) 13. Nxe5
{and White is simply better} O-O $2 14. Qh5 $1 h6 15. Ng4 $1 $16 e5 16. Qxe5 (
16. dxc5 $5 Qe6 17. Nxe5 Rae8 18. Nf3 $16) 16... Qg6 17. Qh5 Qc2 $2 (17... Qe6
$5) 18. Nf6+ Kh8 19. Qg5 $1 Qxb2 $4 20. Rxh6+ {1-0 (20) Bosque Ortega,X (2197)
-Acebal Muniz,A (2140) Benidorm 2013}) 12... Nxe5 13. fxe5 Qe7 {I guess the
main reason to prefer 12.Ndf3 or even 12.Nxd7 is that now the d2-knight lacks
a good square:} 14. Qg4 f5 15. Qh5+ Kd7 16. a4 Kc7 17. dxc5 Qxc5 18. Qg5 Qf8 (
18... h6 $5 {was more precise} 19. Qxg7+ Bd7 20. Kf2 Rag8 21. Qf7 Rf8 22. Qg7
Rfg8 $11 {already guaranteeing the draw} 23. Qf6 Rxg3 24. Kxg3 Qxe3+ 25. Kh2)
19. Nf3 h6 20. Qg6 $11 {1-0 (42) Kamsky,G (2741)-Potkin,V (2647)
Khanty-Mansiysk 2013; but this too looks acceptable. White ended up winning
this blitz game.}) 12. Qf3 {Now White has easy play, and a clear plan with g4.}
h6 13. Qf4 Qe7 14. g4 {It looks bad for Black already. Naturally White takes
advantage of the fact that he hasn't castled yet and makes full use of his
h1-rook in the play.} Nh7 15. Qg3 Rg8 $2 (15... cxd4 $1 {was the last chance
for an acceptable position} 16. exd4 (16. cxd4 Rc8 17. O-O O-O $11) 16... O-O-O
{looks dangerous, but maybe Black will survive after ...Qc7 and ...Kb8 (of
course being careful not to run into Nxf7! taking advantage of the g3-queen
pinning the c7-queen). Perhaps for that matter, ...Be8 could be useful, if
White isn't in time to open up the position with Rc1-c4.} 17. Rc1 (17. Nxc6
bxc6 18. Nb3 Qc7 19. Qd3 Nf6 20. Nc5 Nd7 $1 {looks playable, after all}) 17...
Qc7 {threatening f6} 18. c4 (18. O-O f6 (18... Be8 $2 19. c4 $1 $16) 19. Nxc6
Qxg3 20. Nxa7+ Kb8 21. fxg3 Kxa7 $14 {and I would be very happy to play this
after such a dangerous position from the opening}) 18... f6 19. Nxc6 (19. cxd5
Rxd5 20. Nxc6 Qxg3 21. fxg3 (21. Nxa7+ Kb8 22. fxg3 Kxa7 $14 {with excellent
defensive chances for Black}) 21... bxc6 22. Rxc6+ Kb8 23. Nf3 Rc8 24. Rxc8+
Kxc8 25. Ke2 $14 {and Black is definitely in the game.}) 19... Qxg3 20. Nxa7+
Kb8 21. fxg3 Kxa7 $14 {similar to the lines mentioned above.}) 16. O-O $16 {
Now Black will be defenceless against the further opening of the centre. It is
important to notice that the h1-rook has already performed its duty from there,
and can now join the central action. Also, the king finds a safe shelter on g1.
} Nf6 17. Rac1 Rc8 18. c4 $1 {Choosing a nice moment to open up the position.
Nobody said it was easy to play against the world champion with the black
pieces!} dxc4 (18... cxd4 {isolating d4 doesn't help} 19. exd4 dxc4 20. Ndxc4
Nd5 21. Rfe1 $16) 19. dxc5 Qxc5 20. Ndxc4 Ke7 21. b4 $1 Qxb4 22. Nd3 {Now the
queen can't move because of the deadly Qd6+.} Ne4 {Forced.} (22... Qb5 23. Qd6+
Ke8 24. Qa3 $1 {threatening Nd6+.} Rd8 25. Nd6+ Rxd6 26. Qxd6 $18) 23. Nxb4
Nxg3 24. fxg3 Bb5 $2 {The position was already difficult, but this loses right
away.} (24... Bd7 {White's pawn structure is horrible, but a piece up should
be enough to win the game without difficulties} 25. Ne5 $18) 25. Rxf7+ $1 Kxf7
26. Nd6+ Ke7 27. Nxc8+ Kd7 28. Nxa7 $18 Ba4 29. Nd3 1-0